| 000 | 00971nam a2200289 a 4500 | ||
|---|---|---|---|
| 001 | 000022013 | ||
| 005 | 20200930011538.0 | ||
| 008 | 100915s1982 ag r 000 | spa d | ||
| 020 | _a9503701996 | ||
| 040 |
_aDO-SdBNP _bspa _cBNPHU |
||
| 082 |
_a891.833 _bK96v, 1987 |
||
| 100 | 1 |
_aKundera, Milan _945637 |
|
| 240 | 0 |
_aŽivot je jinde _lespañol |
|
| 245 | 1 | 3 |
_aLa vida está en otra parte / _cMilan Kundera; traducción de Fernando de Venezuela; prólogo de Carlos Fuentes. |
| 250 | _a3a ed. | ||
| 260 |
_aBuenos Aires : _bSeix Barral, _c1982. |
||
| 300 |
_a393 p. ; _c19 cm. |
||
| 490 | 1 | _aBiblioteca Seix Barral | |
| 500 | _aedición especial a través de Sudamerica / Planeta | ||
| 534 |
_aTítulo original : _tŽivot je jinde |
||
| 650 | 4 |
_aNovela rusa _94742 |
|
| 650 | 4 |
_aLiteratura rusa _94743 |
|
| 700 | 1 |
_aVenezuela, Fernando de _etr. _945638 |
|
| 700 | 1 |
_aFuentes, Carlos _epról. _917556 |
|
| 830 | 0 |
_aBiblioteca Seix Barral _945639 |
|
| 049 | _aBNGR | ||
| 999 |
_c21511 _d21511 |
||